[Event "Glasgow Open"]
[Site "Glasgow"]
[Date "1978.09.23"]
[Round "3"]
[White "Kilgour, Brian"]
[Black "Kidd, DP."]
[Result "1-0"]
[WhiteElo "1905"]
[BlackElo "1710"]
[PlyCount "71"]
[EventDate "1978.09.22"]
[EventType "swiss"]
[EventRounds "6"]
[EventCountry "SCO"]
[SourceTitle "BritBase"]
[Source "Alistair Maxwel"]
[SourceDate "2025.11.13"]
[SourceVersion "1"]
[SourceVersionDate "2025.11.13"]
[SourceQuality "1"]

1. e4 c6 2. Nf3 d5 3. exd5 cxd5 4. d4 Bg4 5. c4 e6 6. Nc3 Nf6 7. c5 Be7 8. Bb5+ Nbd7 9. Bxd7+ Qxd7 10. b4 b6 11. h3 Bxf3 12. Qxf3 a5 13. bxa5 bxc5 14. dxc5 Bxc5 15. Bf4 Rxa5 16. O-O O-O 17. Rfb1 Rfa8 18. Rb2 R5a6 19. Rab1 Bd4 20. Rb3 Bxc3 21. Qxc3 Rxa2 22. Rb8+ Rxb8 23. Rxb8+ Ne8 24. Qc7 Qa4 25. Bg3 h6 26. Qe7 Qd1+ 27. Kh2 Ra1 28. Rxe8+ Kh7 29. Be5 Qh1+ 30. Kg3 Rg1 31. Rh8+ Kg6 32. Rxh6+ Kxh6 33. Qh4+ Kg6 34. Qg4+ Kh6 35. Qxg7+ Kh5 36. Qh7+ 1-0

[Event "Glasgow Open"]
[Site "Glasgow"]
[Date "1978.09.23"]
[Round "3"]
[White "Hamilton, Colin J"]
[Black "Rough, Robert E"]
[Result "1-0"]
[WhiteElo "1895"]
[BlackElo "1670"]
[PlyCount "61"]
[EventDate "1978.09.22"]
[EventType "swiss"]
[EventRounds "6"]
[EventCountry "SCO"]
[SourceTitle "BritBase"]
[Source "Alistair Maxwel"]
[SourceDate "2025.11.13"]
[SourceVersion "1"]
[SourceVersionDate "2025.11.13"]
[SourceQuality "1"]

1. d4 Nf6 2. c4 c5 3. d5 e6 4. Nc3 exd5 5. cxd5 d6 6. e4 g6 7. f4 Bg7 8. Nf3 O-O 9. Bd3 Re8 10. O-O Bg4 11. h3 Bxf3 12. Qxf3 a6 13. a4 Nbd7 14. Be3 Qc7 15. Bf2 Rab8 16. Rfe1 c4 17. Bc2 b5 18. axb5 axb5 19. Ra7 Qc8 20. b4 cxb3 21. Bxb3 Nc5 22. Bc2 Nfd7 23. Na2 Ra8 24. Rxa8 Qxa8 25. Nb4 Qb7 26. Rb1 Rc8 27. Qe2 Na4 28. Bxa4 bxa4 29. Qa2 Qb5 30. Nc6 Qa6 31. Ne7+ 1-0

[Event "Glasgow Open"]
[Site "Glasgow"]
[Date "1978.09.23"]
[Round "3"]
[White "McGowan, Alan"]
[Black "Mazur, Osip"]
[Result "1-0"]
[WhiteElo "1835"]
[BlackElo "1515"]
[PlyCount "35"]
[EventDate "1978.09.22"]
[EventType "swiss"]
[EventRounds "6"]
[EventCountry "SCO"]
[SourceTitle "BritBase"]
[Source "Alistair Maxwel"]
[SourceDate "2025.11.13"]
[SourceVersion "1"]
[SourceVersionDate "2025.11.13"]
[SourceQuality "1"]

1. d4 d5 2. Nc3 Nf6 3. Bg5 h6 4. Bxf6 exf6 5. e3 Bb4 6. Bd3 O-O 7. Qf3 c6 8. Nge2 Bd6 9. g4 Qc7 10. h4 Be7 11. O-O-O b5 12. Rdg1 Na6 13. g5 fxg5 14. hxg5 Bxg5 15. Rxg5 Nb4 16. Rxg7+ Kxg7 17. Rg1+ Kh8 18. Qf6# 1-0

[Event "Glasgow Open"]
[Site "Glasgow"]
[Date "1978.09.24"]
[Round "4"]
[White "Swanson, Stephen"]
[Black "McKay, Roderick McIntosh"]
[Result "1-0"]
[WhiteElo "2355"]
[BlackElo "2335"]
[PlyCount "84"]
[EventDate "1978.09.22"]
[EventType "swiss"]
[EventRounds "6"]
[EventCountry "SCO"]
[SourceTitle "BritBase"]
[Source "Alistair Maxwel"]
[SourceDate "2025.11.13"]
[SourceVersion "1"]
[SourceVersionDate "2025.11.13"]
[SourceQuality "1"]

1. e4 c6 2. d4 d5 3. exd5 cxd5 4. Bd3 g6 5. c3 Nc6 6. Ne2 Bg7 7. O-O Nf6 8. Nd2 O-O 9. f4 Bf5 10. Bxf5 gxf5 11. Qe1 e6 12. Nf3 Ne4 13. Ng3 f6 14. Be3 Kh8 15. Nxe4 fxe4 16. Nh4 f5 17. g3 Rg8 18. Qe2 Bf6 19. Ng2 Qd7 20. Kf2 Rg6 21. Rh1 Rb8 22. Ne1 b5 23. a3 a5 24. Nc2 Qg7 25. Rag1 b4 26. axb4 axb4 27. Ra1 Qc7 28. Ra6 bxc3 29. bxc3 Rb2 30. Rha1 Nxd4 31. Nxd4 Rxe2+ 32. Nxe2 e5 33. Ra8+ Rg8 34. Rxg8+ Kxg8 35. Ra8+ Bd8 36. fxe5 h6 37. Nf4 Qxc3 38. Rxd8+ Kh7 39. Rd7+ Kg8 40. Rxd5 Qb2+ 41. Ne2 Qa1 42. e6 Qf6 1-0

[Event "Glasgow Open"]
[Site "Glasgow"]
[Date "1978.09.24"]
[Round "4"]
[White "Upton, Timothy J"]
[Black "Pritchett, Craig William"]
[Result "0-1"]
[WhiteElo "2280"]
[BlackElo "2400"]
[PlyCount "88"]
[EventDate "1978.09.22"]
[EventType "swiss"]
[EventRounds "6"]
[EventCountry "SCO"]
[SourceTitle "BritBase"]
[Source "Alistair Maxwel"]
[SourceDate "2025.11.13"]
[SourceVersion "1"]
[SourceVersionDate "2025.11.13"]
[SourceQuality "1"]

1. e4 c5 2. Nf3 e6 3. d4 cxd4 4. Nxd4 Nf6 5. Nc3 d6 6. Be3 Be7 7. Be2 O-O 8. O-O Nc6 9. f4 a6 10. Qe1 Bd7 11. Bf3 Qc7 12. Rd1 Rac8 13. Nxc6 Bxc6 14. Bd4 Nd7 15. Rd3 Rfe8 16. Kh1 b5 17. a3 a5 18. Ne2 b4 19. axb4 axb4 20. Qg3 Bf8 21. Rfd1 Qb7 22. c4 Bxe4 23. Bxe4 Qxe4 24. Re3 Qg6 25. Qxg6 hxg6 26. b3 f5 27. Ng1 Nf6 28. Bxf6 gxf6 29. Nf3 e5 30. Rde1 Kf7 31. g3 exf4 32. gxf4 Rxe3 33. Rxe3 Bh6 34. Rd3 Bxf4 35. Rd5 Rc5 36. Rd4 g5 37. Ne1 Ra5 38. Nd3 Ra1+ 39. Kg2 Ra2+ 40. Kf1 Bxh2 41. Nxb4 Rb2 42. Rd3 g4 43. Nd5 g3 44. Ne3 f4 0-1

[Event "Glasgow Open"]
[Site "Glasgow"]
[Date "1978.09.24"]
[Round "4"]
[White "Millar, Ian"]
[Black "Morrison, Graham"]
[Result "1/2-1/2"]
[WhiteElo "1790"]
[BlackElo "2230"]
[PlyCount "55"]
[EventDate "1978.09.22"]
[EventType "swiss"]
[EventRounds "6"]
[EventCountry "SCO"]
[SourceTitle "BritBase"]
[Source "Alistair Maxwel"]
[SourceDate "2025.11.13"]
[SourceVersion "1"]
[SourceVersionDate "2025.11.13"]
[SourceQuality "1"]

1. e4 g6 2. d4 Bg7 3. Nc3 d6 4. Be2 Nf6 5. h4 h5 6. Bg5 c6 7. Nh3 Qc7 8. Qd2 b5 9. a3 a6 10. f3 Nbd7 11. Nf2 Nb6 12. O-O-O a5 13. Nb1 b4 14. g4 Be6 15. axb4 axb4 16. Qxb4 Ra1 17. b3 O-O 18. gxh5 Rb8 19. Qc3 Ra2 20. hxg6 Nbd5 21. exd5 Nxd5 22. Qe1 Qa7 23. gxf7+ Kxf7 24. Bc4 Bxd4 25. Nd3 Ra1 26. Kd2 Rxb1 27. Bxd5 Rxd1+ 28. Qxd1 1/2-1/2

[Event "Glasgow Open"]
[Site "Glasgow"]
[Date "1978.09.24"]
[Round "4"]
[White "Hood, GG."]
[Black "Lumsden, James PL"]
[Result "0-1"]
[WhiteElo "1920"]
[BlackElo "2140"]
[PlyCount "79"]
[EventDate "1978.09.22"]
[EventType "swiss"]
[EventRounds "6"]
[EventCountry "SCO"]
[SourceTitle "BritBase"]
[Source "Alistair Maxwel"]
[SourceDate "2025.11.13"]
[SourceVersion "1"]
[SourceVersionDate "2025.11.13"]
[SourceQuality "1"]

1. e4 e5 2. Nf3 Nc6 3. Bb5 a6 4. Ba4 d6 5. O-O Bd7 6. c3 Nge7 7. d3 Ng6 8. Be3 Be7 9. d4 h6 10. Re1 Bg5 11. Qd2 Bxe3 12. fxe3 Qe7 13. Bc2 Nd8 14. c4 Bg4 15. Rf1 O-O 16. Nc3 c6 17. Rf2 Ne6 18. Ne2 Bxf3 19. Rxf3 Ng5 20. Rff1 exd4 21. Qxd4 Ne5 22. Nf4 Rfe8 23. Nh5 Qe6 24. Rf5 c5 25. Qc3 b5 26. cxb5 axb5 27. Raf1 b4 28. Qe1 Qxa2 29. h4 Ne6 30. Qg3 Qxb2 31. Nf6+ Kh8 32. Nxe8 Rxe8 33. Bb1 Ra8 34. R5f2 Qb3 35. Bc2 Qc3 36. Bd1 Ra3 37. Re2 Nd4 38. Ref2 Qxe3 39. Bf3 Ndxf3+ 40. gxf3 0-1

[Event "Glasgow Open"]
[Site "Glasgow"]
[Date "1978.09.24"]
[Round "4"]
[White "Norris, Alan J"]
[Black "Reid, Neil"]
[Result "1-0"]
[WhiteElo "2135"]
[BlackElo "1965"]
[PlyCount "85"]
[EventDate "1978.09.22"]
[EventType "swiss"]
[EventRounds "6"]
[EventCountry "SCO"]
[SourceTitle "BritBase"]
[Source "Alistair Maxwel"]
[SourceDate "2025.11.13"]
[SourceVersion "1"]
[SourceVersionDate "2025.11.13"]
[SourceQuality "1"]

1. e4 d6 2. d4 g6 3. Bc4 Bg7 4. Nc3 Nf6 5. Qe2 O-O 6. e5 Ne8 7. Bg5 Nc6 8. O-O-O Kh8 9. f4 f6 10. Bh4 Na5 11. Bd3 Bh6 12. Kb1 Bxf4 13. Bg3 fxe5 14. dxe5 Ng7 15. Nd5 Bxe5 16. Bxe5 dxe5 17. Be4 Nc6 18. c3 Bf5 19. Bxf5 Rxf5 20. Nb6 Qf8 21. Nxa8 Qxa8 22. Nf3 Qf8 23. Rhf1 Ne6 24. g3 g5 25. Nd2 Kg7 26. Ne4 h6 27. Kc1 a6 28. Rxf5 Qxf5 29. Rf1 Qg6 30. Qe3 Ned8 31. Qf3 Ne6 32. Nc5 Ncd8 33. Qd5 e4 34. Qe5+ Kg8 35. Nxe4 Nf7 36. Nf6+ exf6 37. Qxe6 Kg7 38. Rd1 Nd6 39. Qe7+ Qf7 40. Qxf7+ Kxf7 41. Kc2 f5 42. Kd3 h5 43. Ke3 1-0

[Event "Glasgow Open"]
[Site "Glasgow"]
[Date "1978.09.24"]
[Round "4"]
[White "Scrimgour, Alan"]
[Black "Hamilton, Colin J"]
[Result "1-0"]
[WhiteElo "2105"]
[BlackElo "1895"]
[PlyCount "49"]
[EventDate "1978.09.22"]
[EventType "swiss"]
[EventRounds "6"]
[EventCountry "SCO"]
[SourceTitle "BritBase"]
[Source "Alistair Maxwel"]
[SourceDate "2025.11.13"]
[SourceVersion "1"]
[SourceVersionDate "2025.11.13"]
[SourceQuality "1"]

1. e4 e6 2. d4 d5 3. Nc3 Bb4 4. e5 c5 5. a3 Bxc3+ 6. bxc3 Qc7 7. Nf3 Ne7 8. a4 b6 9. Bb5+ Bd7 10. Be2 Nbc6 11. O-O O-O 12. Ba3 Na5 13. Re1 Ng6 14. Bf1 Rae8 15. Bc1 f6 16. Bd3 f5 17. Ng5 h6 18. Qh5 Nh8 19. Re3 Re7 20. Rg3 Be8 21. Qxh6 gxh6 22. Nxe6+ Kf7 23. Nxc7 Rxc7 24. Bxh6 Rg8 25. e6+ 1-0

[Event "Glasgow Open"]
[Site "Glasgow"]
[Date "1978.09.24"]
[Round "4"]
[White "Moultrie, George B"]
[Black "Bradley, C."]
[Result "1-0"]
[WhiteElo "2095"]
[BlackElo "1855"]
[PlyCount "87"]
[EventDate "1978.09.22"]
[EventType "swiss"]
[EventRounds "6"]
[EventCountry "SCO"]
[SourceTitle "BritBase"]
[Source "Alistair Maxwel"]
[SourceDate "2025.11.13"]
[SourceVersion "1"]
[SourceVersionDate "2025.11.13"]
[SourceQuality "1"]

1. d4 Nf6 2. Nf3 d5 3. c4 e6 4. Nc3 Be7 5. Bf4 c6 6. e3 Nh5 7. Be5 Bd6 8. c5 Bxe5 9. dxe5 g6 10. Be2 Ng7 11. O-O Nd7 12. b4 Qc7 13. Qd4 Nf5 14. Qf4 f6 15. exf6 Qxf4 16. f7+ Kxf7 17. exf4 h6 18. Bd3 Rg8 19. Rfe1 g5 20. Bxf5 exf5 21. Ne5+ Nxe5 22. fxe5 Bd7 23. Ne2 a5 24. Nd4 Rge8 25. Rab1 axb4 26. Rxb4 Bc8 27. a4 f4 28. f3 Re7 29. Kf2 Ra5 30. Nb3 Ra8 31. g3 Be6 32. gxf4 gxf4 33. Rxf4+ Kg6 34. Rf6+ Kh7 35. a5 Bh3 36. f4 Rg8 37. Ke3 Rg2 38. Re2 Rg1 39. a6 Rb1 40. Nd2 Ra1 41. axb7 Rxb7 42. Rxc6 Rb4 43. Rf6 Bg4 44. Rg2 1-0

[Event "Glasgow Open"]
[Site "Glasgow"]
[Date "1978.09.24"]
[Round "4"]
[White "Walker, Roger H"]
[Black "McGowan, Alan"]
[Result "1/2-1/2"]
[WhiteElo "2075"]
[BlackElo "1835"]
[PlyCount "110"]
[EventDate "1978.09.22"]
[EventType "swiss"]
[EventRounds "6"]
[EventCountry "SCO"]
[SourceTitle "BritBase"]
[Source "Alistair Maxwel"]
[SourceDate "2025.11.13"]
[SourceVersion "1"]
[SourceVersionDate "2025.11.13"]
[SourceQuality "1"]

1. d4 Nf6 2. c4 e5 3. dxe5 Ne4 4. Nd2 Nc5 5. Ngf3 Nc6 6. g3 Qe7 7. Bg2 Nxe5 8. O-O d6 9. b4 Ne6 10. Bb2 f6 11. Qc2 a5 12. a3 Qf7 13. Bxe5 dxe5 14. c5 g6 15. Nc4 a4 16. Rad1 Bg7 17. Rd2 O-O 18. Rfd1 Qe7 19. Rd5 Nd8 20. R5d2 Bh6 21. e3 Bf5 22. Qc3 Nc6 23. Nh4 Be6 24. Bd5 Bxd5 25. Rxd5 Qe6 26. Nf3 Nd4 27. R1xd4 exd4 28. Qxd4 Bg7 29. Rd7 Rf7 30. Rd5 Re8 31. Nfd2 f5 32. Qd3 Ree7 33. Rd8+ Bf8 34. Qc2 f4 35. Qd1 fxe3 36. Nxe3 Rd7 37. Rxd7 Rxd7 38. Qc2 Bg7 39. Ndc4 Qf6 40. Qxa4 Qd4 41. Qa8+ Bf8 42. Qxb7 Rf7 43. Qd5 Qxd5 44. Nxd5 Kg7 45. Kf1 Rd7 46. Nde3 Kf6 47. Ke2 Bh6 48. f4 Ke6 49. Kf3 Rd4 50. a4 Bg7 51. b5 Bf8 52. c6 Bc5 53. Ke2 Re4 54. Kd3 Rd4+ 55. Kc3 Re4 1/2-1/2

[Event "Glasgow Open"]
[Site "Glasgow"]
[Date "1978.09.24"]
[Round "4"]
[White "Radlow, Allan"]
[Black "Spencer, Edwin A"]
[Result "1-0"]
[WhiteElo "2005"]
[BlackElo "1775"]
[PlyCount "49"]
[EventDate "1978.09.22"]
[EventType "swiss"]
[EventRounds "6"]
[EventCountry "SCO"]
[SourceTitle "BritBase"]
[Source "Alistair Maxwel"]
[SourceDate "2025.11.13"]
[SourceVersion "1"]
[SourceVersionDate "2025.11.13"]
[SourceQuality "1"]

1. e4 c5 2. Nc3 d6 3. f4 Nc6 4. Nf3 Bg4 5. Bb5 a6 6. Bxc6+ bxc6 7. h3 Bxf3 8. Qxf3 Qb6 9. O-O c4+ 10. Kh1 h5 11. d3 cxd3 12. cxd3 Nf6 13. Be3 Qc7 14. Rac1 Qd7 15. Na4 Qb7 16. e5 Nd5 17. exd6 exd6 18. Rfe1 Kd7 19. Qe4 g6 20. Bd4 Rg8 21. f5 Qb5 22. fxg6 Qxa4 23. gxf7 Rg5 24. Qe8+ Kc7 25. Qxa8 1-0

[Event "Glasgow Open"]
[Site "Glasgow"]
[Date "1978.09.24"]
[Round "4"]
[White "Dempsey, John P"]
[Black "Grant, Alan G"]
[Result "1-0"]
[WhiteElo "1665"]
[BlackElo "1985"]
[PlyCount "83"]
[EventDate "1978.09.22"]
[EventType "swiss"]
[EventRounds "6"]
[EventCountry "SCO"]
[SourceTitle "BritBase"]
[Source "Alistair Maxwel"]
[SourceDate "2025.11.13"]
[SourceVersion "1"]
[SourceVersionDate "2025.11.13"]
[SourceQuality "1"]

1. e4 c5 2. Nf3 e6 3. Bd3 b6 4. c3 Bb7 5. Bc2 Nf6 6. d3 Nc6 7. O-O Be7 8. Nbd2 Qc7 9. Re1 g5 10. Nxg5 Rg8 11. Nf1 h6 12. Nf3 O-O-O 13. d4 cxd4 14. cxd4 Nb4 15. Bb1 d5 16. e5 Ne4 17. a3 Nc6 18. Bxh6 Rg6 19. Bf4 f5 20. Bd3 Rdg8 21. Ne3 Bf8 22. Nh4 R6g7 23. Rc1 Qe7 24. Nf3 Kb8 25. Qa4 Nd8 26. Ba6 Bxa6 27. Qxa6 Qb7 28. Qxb7+ Nxb7 29. Rc2 Na5 30. g3 Rh7 31. b4 Nb7 32. Rec1 Bh6 33. Ng2 a5 34. Bxh6 Rxh6 35. Nf4 axb4 36. axb4 b5 37. Rc6 Nd8 38. Rc8+ Kb7 39. R1c7+ Kb6 40. Rd7 Rhh8 41. Re7 Re8 42. Rxe8 1-0

[Event "Glasgow Open"]
[Site "Glasgow"]
[Date "1978.09.24"]
[Round "4"]
[White "Buchanan, Walter F"]
[Black "Kilgour, Brian"]
[Result "0-1"]
[WhiteElo "2155"]
[BlackElo "1905"]
[PlyCount "79"]
[EventDate "1978.09.22"]
[EventType "swiss"]
[EventRounds "6"]
[EventCountry "SCO"]
[SourceTitle "BritBase"]
[Source "Alistair Maxwel"]
[SourceDate "2025.11.13"]
[SourceVersion "1"]
[SourceVersionDate "2025.11.13"]
[SourceQuality "1"]

1. e4 d5 2. exd5 Nf6 3. Nc3 Nxd5 4. Bc4 e6 5. Qf3 Nxc3 6. Qxc3 Nc6 7. Nf3 Bd7 8. O-O Qf6 9. d4 h6 10. Ne5 Nxe5 11. dxe5 Qh4 12. Be2 Bc6 13. Bf3 Bxf3 14. Qxf3 c6 15. Be3 Qb4 16. Rad1 Bc5 17. Qg3 g6 18. c3 Qb6 19. Rd6 Rd8 20. Rxd8+ Kxd8 21. Bxh6 Kc8 22. Qf4 Qxb2 23. Bg7 Rd8 24. Qxf7 Qxa2 25. h3 a5 26. Qxg6 a4 27. h4 a3 28. Bh6 Qc4 29. Bg5 Rf8 30. h5 a2 31. Rd1 Bxf2+ 32. Kh1 Bb6 33. Qg7 Rf1+ 34. Kh2 Rxd1 35. Qf8+ Rd8 36. Qa3 Qa6 37. Qe7 Qc4 38. Qa3 Kb8 39. Bxd8 Bxd8 40. Qd6+ 0-1

[Event "Glasgow Open"]
[Site "Glasgow"]
[Date "1978.09.24"]
[Round "4"]
[White "Walsh, Peter W"]
[Black "Giulian, Philip Maurice"]
[Result "0-1"]
[WhiteElo "1865"]
[BlackElo "2160"]
[PlyCount "36"]
[EventDate "1978.09.22"]
[EventType "swiss"]
[EventRounds "6"]
[EventCountry "SCO"]
[SourceTitle "BritBase"]
[Source "Alistair Maxwel"]
[SourceDate "2025.11.13"]
[SourceVersion "1"]
[SourceVersionDate "2025.11.13"]
[SourceQuality "1"]

1. d4 Nf6 2. Nf3 e6 3. e3 d5 4. c4 Be7 5. Nc3 O-O 6. Bd3 dxc4 7. Bxc4 c5 8. O-O Nc6 9. dxc5 Bxc5 10. a3 b6 11. b4 Bd6 12. Bb2 Bb7 13. Qe2 Rc8 14. Rad1 Qe7 15. Bd3 Ne5 16. Nxe5 Bxe5 17. Na4 Bb8 18. Nc3 Rxc3 0-1

[Event "Glasgow Open"]
[Site "Glasgow"]
[Date "1978.09.24"]
[Round "5"]
[White "McKay, Roderick McIntosh"]
[Black "Radlow, Allan"]
[Result "1-0"]
[WhiteElo "2335"]
[BlackElo "2005"]
[PlyCount "83"]
[EventDate "1978.09.22"]
[EventType "swiss"]
[EventRounds "6"]
[EventCountry "SCO"]
[SourceTitle "BritBase"]
[Source "Alistair Maxwel"]
[SourceDate "2025.11.13"]
[SourceVersion "1"]
[SourceVersionDate "2025.11.13"]
[SourceQuality "1"]

1. e4 c5 2. Nf3 Nc6 3. d4 cxd4 4. Nxd4 Nf6 5. Nc3 e5 6. Ndb5 d6 7. Bg5 a6 8. Na3 b5 9. Bxf6 gxf6 10. Nd5 f5 11. exf5 Bxf5 12. Qf3 Nd4 13. Nc7+ Qxc7 14. Qxa8+ Ke7 15. Bd3 Qa5+ 16. Kf1 Bg7 17. Qb7+ Bd7 18. Rd1 Rc8 19. Qe4 Bf5 20. Qe3 Bxd3+ 21. Qxd3 b4 22. Nc4 Qxa2 23. b3 Qxc2 24. Qxc2 Nxc2 25. Nxd6 Rc3 26. Nf5+ Kf6 27. g4 Nd4 28. Nxd4 exd4 29. Rxd4 Rxb3 30. Kg2 Bf8 31. Rc1 Rc3 32. Rxc3 bxc3 33. Rc4 a5 34. Rxc3 Bb4 35. Rc6+ Kg7 36. Ra6 Bc3 37. f4 Bd2 38. Kf3 Bc3 39. Ke4 Bd2 40. Kf5 Bc3 41. h4 h6 42. h5 1-0

[Event "Glasgow Open"]
[Site "Glasgow"]
[Date "1978.09.24"]
[Round "5"]
[White "Morrison, Graham"]
[Black "Moultrie, George B"]
[Result "1/2-1/2"]
[WhiteElo "2230"]
[BlackElo "2095"]
[PlyCount "77"]
[EventDate "1978.09.22"]
[EventType "swiss"]
[EventRounds "6"]
[EventCountry "SCO"]
[SourceTitle "BritBase"]
[Source "Alistair Maxwel"]
[SourceDate "2025.11.13"]
[SourceVersion "1"]
[SourceVersionDate "2025.11.13"]
[SourceQuality "1"]

1. c4 e5 2. Nc3 Nc6 3. Nf3 g6 4. d4 exd4 5. Nxd4 Bg7 6. Nxc6 bxc6 7. g3 Nf6 8. Bg2 O-O 9. O-O Bb7 10. Be3 d6 11. Qb3 Qc8 12. h3 Nd7 13. Rfd1 Re8 14. Rac1 Rxe3 15. fxe3 Rb8 16. Qc2 Be5 17. Kf2 Nf6 18. c5 Ba8 19. b3 Qe6 20. Ne4 Qf5+ 21. Kg1 Nd5 22. Qd3 Qe6 23. Kf2 Qe7 24. Bf3 Re8 25. Qc4 Nxe3 26. Kxe3 d5 27. Qc2 f5 28. Nf6+ Qxf6 29. Kf2 Qg5 30. Rg1 Bd4+ 31. Kg2 f4 32. Kh2 Bxg1+ 33. Rxg1 Bb7 34. Qd3 Re3 35. Qd4 fxg3+ 36. Rxg3 Qe5 37. Qh4 Qe7 38. Qb4 Bc8 39. Qb8 1/2-1/2

[Event "Glasgow Open"]
[Site "Glasgow"]
[Date "1978.09.24"]
[Round "5"]
[White "Gray, William"]
[Black "Norris, Alan J"]
[Result "1/2-1/2"]
[WhiteElo "2005"]
[BlackElo "2135"]
[PlyCount "82"]
[EventDate "1978.09.22"]
[EventType "swiss"]
[EventRounds "6"]
[EventCountry "SCO"]
[SourceTitle "BritBase"]
[Source "Alistair Maxwel"]
[SourceDate "2025.11.13"]
[SourceVersion "1"]
[SourceVersionDate "2025.11.13"]
[SourceQuality "1"]

1. Nf3 d5 2. b3 c5 3. e3 Bg4 4. h3 Bxf3 5. Qxf3 Nf6 6. Bb2 e6 7. Bb5+ Nbd7 8. O-O Be7 9. d3 O-O 10. Nd2 a6 11. Bxd7 Nxd7 12. c4 Bf6 13. Bxf6 Nxf6 14. Qe2 Qe7 15. e4 dxe4 16. dxe4 e5 17. Nb1 Rfd8 18. Nc3 Rd4 19. Nd5 Qd6 20. f3 Rb8 21. Rad1 Nxd5 22. Rxd4 cxd4 23. exd5 Re8 24. Qd3 Qg6 25. Qxg6 hxg6 26. c5 Rd8 27. d6 g5 28. Re1 f6 29. g3 Kf7 30. b4 Ke6 31. Kf2 Kd5 32. Rc1 Rh8 33. a4 Rxh3 34. b5 axb5 35. axb5 Rh8 36. d7 Ke6 37. c6 Kd6 38. Ke2 bxc6 39. bxc6 Kc7 40. Rc5 Ra8 41. Kd3 f5 1/2-1/2

[Event "Glasgow Open"]
[Site "Glasgow"]
[Date "1978.09.24"]
[Round "5"]
[White "Kilgour, Brian"]
[Black "Scrimgour, Alan"]
[Result "0-1"]
[WhiteElo "1905"]
[BlackElo "2105"]
[PlyCount "44"]
[EventDate "1978.09.22"]
[EventType "swiss"]
[EventRounds "6"]
[EventCountry "SCO"]
[SourceTitle "BritBase"]
[Source "Alistair Maxwel"]
[SourceDate "2025.11.13"]
[SourceVersion "1"]
[SourceVersionDate "2025.11.13"]
[SourceQuality "1"]

1. e4 c5 2. Nf3 d6 3. d4 cxd4 4. Nxd4 Nf6 5. Nc3 a6 6. Bc4 e6 7. Bb3 b5 8. a3 Be7 9. Be3 O-O 10. f3 Qc7 11. Qd2 Nc6 12. O-O-O Na5 13. Ba2 Nc4 14. Qf2 Nxa3 15. g4 Nc4 16. h4 b4 17. Nce2 Bb7 18. h5 Rfc8 19. Bb1 Qa5 20. Nb3 Qa4 21. Rdg1 Nxb2 22. Bd4 Nd3+ 0-1

[Event "Glasgow Open"]
[Site "Glasgow"]
[Date "1978.09.24"]
[Round "5"]
[White "McGowan, Alan"]
[Black "Coffey, Anthony"]
[Result "0-1"]
[WhiteElo "1835"]
[BlackElo "2060"]
[PlyCount "61"]
[EventDate "1978.09.22"]
[EventType "swiss"]
[EventRounds "6"]
[EventCountry "SCO"]
[SourceTitle "BritBase"]
[Source "Alistair Maxwel"]
[SourceDate "2025.11.13"]
[SourceVersion "1"]
[SourceVersionDate "2025.11.13"]
[SourceQuality "1"]

1. d4 Nf6 2. Nc3 d5 3. Bg5 Nbd7 4. Nf3 h6 5. Bh4 c5 6. e3 Qb6 7. Bxf6 Nxf6 8. Bb5+ Bd7 9. dxc5 Qc7 10. Bxd7+ Qxd7 11. O-O e6 12. b4 b6 13. Qd4 bxc5 14. bxc5 Rc8 15. Ne5 Bxc5 16. Qf4 Qc7 17. Qa4+ Nd7 18. f4 O-O 19. Nb5 Qb7 20. Kh1 a6 21. Nd4 Nxe5 22. fxe5 Bxd4 23. exd4 Rc4 24. Qb3 Qc6 25. Qe3 Rxc2 26. Qf4 Qc7 27. h3 f5 28. Kg1 Qc3 29. Rfd1 Rb8 30. Rab1 Rxb1 31. Rxb1 0-1

[Event "Glasgow Open"]
[Site "Glasgow"]
[Date "1978.09.24"]
[Round "5"]
[White "Millar, Ian"]
[Black "Condie, Mark L"]
[Result "1/2-1/2"]
[WhiteElo "1790"]
[BlackElo "1930"]
[PlyCount "61"]
[EventDate "1978.09.22"]
[EventType "swiss"]
[EventRounds "6"]
[EventCountry "SCO"]
[SourceTitle "BritBase"]
[Source "Alistair Maxwel"]
[SourceDate "2025.11.13"]
[SourceVersion "1"]
[SourceVersionDate "2025.11.13"]
[SourceQuality "1"]

1. e4 c5 2. Nc3 Nc6 3. g3 g6 4. Bg2 Bg7 5. d3 d6 6. f4 e6 7. Nge2 Nge7 8. Be3 Nd4 9. O-O O-O 10. Rb1 Nec6 11. a3 a5 12. Qd2 Rb8 13. g4 b5 14. Ng3 f5 15. gxf5 exf5 16. exf5 Bxf5 17. Nxf5 Nxf5 18. Bxc6 Nxe3 19. Rf3 Nf5 20. Bd5+ Kh8 21. Ne4 Bh6 22. Ng3 Qf6 23. Nxf5 Qxf5 24. Be4 Qg4+ 25. Rg3 Qxf4 26. Qxf4 Rxf4 27. Kg2 Rbf8 28. Rf3 Bg7 29. Rxf4 Rxf4 30. Bc6 Bd4 31. c3 1/2-1/2

[Event "Glasgow Open"]
[Site "Glasgow"]
[Date "1978.09.24"]
[Round "5"]
[White "Giulian, Philip Maurice"]
[Black "Thomson, Craig SM"]
[Result "1-0"]
[WhiteElo "2160"]
[BlackElo "1890"]
[PlyCount "81"]
[EventDate "1978.09.22"]
[EventType "swiss"]
[EventRounds "6"]
[EventCountry "SCO"]
[SourceTitle "BritBase"]
[Source "Alistair Maxwel"]
[SourceDate "2025.11.13"]
[SourceVersion "1"]
[SourceVersionDate "2025.11.13"]
[SourceQuality "1"]

1. d4 Nf6 2. c4 c5 3. d5 e5 4. Nc3 d6 5. e4 Be7 6. g3 O-O 7. Bg2 Nbd7 8. Nge2 b6 9. O-O Rb8 10. a4 a6 11. f4 Ne8 12. Be3 Bf6 13. f5 Bg5 14. Qd2 Bxe3+ 15. Qxe3 Nc7 16. g4 b5 17. axb5 axb5 18. cxb5 Nxb5 19. Nxb5 Rxb5 20. b3 Qb6 21. Ra3 Ba6 22. Rfa1 Nb8 23. f6 c4 24. bxc4 Qxe3+ 25. Rxe3 Rc5 26. fxg7 Kxg7 27. Ng3 Bc8 28. g5 Rxc4 29. Rf1 h6 30. gxh6+ Kxh6 31. Rf6+ Kh7 32. Rxd6 Rc1+ 33. Kf2 Rc2+ 34. Re2 Rc3 35. Nf5 f6 36. Ra2 Rc4 37. Ra7+ Kh8 38. Bf3 Rc2+ 39. Kg3 Rg8+ 40. Bg4 Bxf5 41. exf5 1-0

[Event "Glasgow Open"]
[Site "Glasgow"]
[Date "1978.09.24"]
[Round "5"]
[White "Bradley, C."]
[Black "Bryson, Douglas Marshall"]
[Result "0-1"]
[WhiteElo "1855"]
[BlackElo "2100"]
[PlyCount "32"]
[EventDate "1978.09.22"]
[EventType "swiss"]
[EventRounds "6"]
[EventCountry "SCO"]
[SourceTitle "BritBase"]
[Source "Alistair Maxwel"]
[SourceDate "2025.11.13"]
[SourceVersion "1"]
[SourceVersionDate "2025.11.13"]
[SourceQuality "1"]

1. e4 e5 2. Nf3 Nc6 3. Bc4 Nf6 4. Ng5 Bc5 5. Bxf7+ Ke7 6. Bd5 Rf8 7. h3 Nxd5 8. d4 Bxd4 9. exd5 Bxf2+ 10. Ke2 Nd4+ 11. Kd3 Qe8 12. Na3 Qg6+ 13. Kc3 b5 14. b3 Ne2+ 15. Kb2 Bd4+ 16. c3 Bxc3# 0-1